000 00711nam a22002417i 4500
003 URS
005 20220114153023.0
008 160518b xxu||||| |||| 00| 0 eng d
020 _a9789713704054
040 _erda
_cURSP-College Library
_beng
050 _bJ39m 2011
100 1 _aJemma Development Group
245 _aMS Powerpoint 2010
_cJemma Development Group
264 1 _aPhilippine
_bJemma Incorporated
_c2011.
300 _aviii, 136pages
_c24cm
336 _atext
_btxt
_2rdacontent
337 _aunmediated
_bn
_2rdamedia
338 _avolume
_bnc
_2rdacarrier
500 _aIncludes bibliography
650 0 _aMicrosoft Powerpoint (computer file).
650 0 _aMicrosoft office.
942 _2lcc
_cF
999 _c8020
_d8020